| 000 | 00737aam a2200277 4500 | ||
|---|---|---|---|
| 005 | 20250703165650.0 | ||
| 008 | 250703b2002 xxu||||| |||| 00| 0 spa d | ||
| 020 | _a9502007049 | ||
| 041 | _aESP | ||
| 082 | _a614.15 V293p2 | ||
| 100 | _aVarela H, Osvaldo | ||
| 100 | _aÁlvarez R., Héctor | ||
| 100 | _aSarmiento J., Alfredo | ||
| 245 | _aPsicología forense: consideraciones sobre temáticas centrales | ||
| 250 | _a2 edición | ||
| 260 | _aArgentina | ||
| 260 | _bAbeledo-Perrot | ||
| 260 | _c2022 | ||
| 300 | _a162 páginas | ||
| 490 | _aInvestigación Criminal | ||
| 650 | _aPSICOLOGÍA FORENSE | ||
| 650 | _aCENTROS PENALES | ||
| 650 | _aDELINCUENCIA JUVENIL | ||
| 650 | _aPENA DE MUERTE | ||
| 942 |
_cBK _2ddc |
||
| 999 |
_c13822 _d13822 |
||